Statistics for 50 Largest Cities in Europe

Click here to take the quiz!

General Stats

  • This quiz has been taken 466 times
    (278 since last reset)
  • The average score is 43 of 50

Answers on the Map

Answers color-coded by a green-red scale on the quiz's map according to % correct below.
 

Answer Stats

Pop (M)City% Correct
9.6London
100%
6.8Madrid
100%
12.7Moscow
100%
11.2Paris
100%
4.3Rome
100%
3.6Berlin
99%
1.3Dublin
99%
5.7Barcelona
98%
2.1Brussels
98%
3.0Kiev
98%
3.0Lisbon
98%
1.1Oslo
98%
5.6Saint Petersburg
98%
1.2Amsterdam
97%
3.2Athens
97%
15.8Istanbul
97%
1.7Stockholm
97%
3.2Milan
96%
1.8Warsaw
96%
1.4Copenhagen
95%
2.0Vienna
95%
1.8Hamburg
94%
1.3Helsinki
94%
2.8Manchester
94%
1.6Munich
94%
1.8Budapest
93%
2.2Naples
93%
1.3Prague
93%
2.7Birmingham
92%
1.8Bucharest
91%
2.1Minsk
91%
1.3Sofia
91%
1.7Glasgow
90%
1.8Lyon
90%
1.4Zürich
89%
1.6Marseille
88%
1.3Porto
87%
1.4Belgrade
86%
1.8Turin
84%
1.1Cologne
80%
1.9West Yorkshire
79%
1.4Kharkiv
67%
1.1Lille
66%
1.1Rostov-on-Don
59%
1.3Nizhny Novgorod
55%
1.3Kazan
53%
1.1Ufa
49%
1.2Samara
48%
1.1Perm
44%
1.1Voronezh
35%

Score Distribution

Percentile by Number Answered

Percent of People with Each Score

Your Score History

You have not taken this quiz since the last reset